|
|
|
|
| LEADER |
00000nam0a2200000 4500 |
| 001 |
265707 |
| 005 |
20231031223240.0 |
| 035 |
|
|
|a (RuTPU)RU\TPU\book\288709
|
| 090 |
|
|
|a 265707
|
| 100 |
|
|
|a 20140630d1986 k y0rusy50 ca
|
| 101 |
0 |
|
|a rus
|
| 102 |
|
|
|a UA
|
| 105 |
|
|
|a y z 001zy
|
| 200 |
1 |
|
|a Методологические проблемы комплексного подхода к коммунистическому воспитанию
|f А. В. Мисуно
|
| 210 |
|
|
|a Киев
|c Вища школа
|d 1986
|
| 215 |
|
|
|a 136 с.
|c ил.
|
| 225 |
1 |
|
|a Философская монография
|
| 333 |
|
|
|a Исключено из фонда НТБ ТПУ
|
| 700 |
|
1 |
|a Мисуно
|b А. В.
|g Аркадий Васильевич
|
| 801 |
|
1 |
|a RU
|b 63413507
|c 20140630
|
| 801 |
|
2 |
|a RU
|b 63413507
|c 20220203
|g RCR
|
| 942 |
|
|
|c BK
|